[Event "Prague ProMoPro op"]
[Site "Prague"]
[Date "2002.09.07"]
[Round "1.17"]
[White "Kucera, Tomas"]
[Black "Klimes, Petr"]
[Result "1-0"]
[WhiteElo "2133"]
[BlackElo "1767"]
[PlyCount "45"]
[EventDate "2002.09.07"]
[EventType "swiss"]
[EventRounds "9"]
[EventCountry "CZE"]
[SourceTitle "EXT 2003"]
[Source "ChessBase"]
[SourceDate "2002.11.25"]
[SourceVersion "1"]
[SourceVersionDate "2002.11.25"]
[SourceQuality "1"]

1. e4 e5 2. Nf3 Nc6 3. d4 exd4 4. c3 d3 5. Bxd3 Bc5 6. 0-0 Nge7 7. h3 d6 8. Bg5 Be6 9. Kh1 Qd7 10. Nbd2 0-0 11. Qe2 Rae8 12. Bf4 Ng6 13. Bg3 f5 14. Ng5 Bd5 15. Qh5 Rf6 16. Qxh7+ Kf8 17. exd5 Nce5 18. Bxe5 dxe5 19. Qh5 Ke7 20. b4 Rh8 21. Qe2 Bd6 22. Ne6 Rxe6 23. Bxf5 1-0

[Event "Klatovy op-B"]
[Site "Klatovy"]
[Date "2002.??.??"]
[Round "?"]
[White "Ceplecha, Tomas"]
[Black "Klimes, Petr"]
[Result "1-0"]
[WhiteElo "1945"]
[BlackElo "1785"]
[PlyCount "43"]
[EventDate "2002.??.??"]
[EventType "swiss"]
[EventRounds "9"]
[EventCountry "CZE"]
[SourceTitle "EXT 2005"]
[Source "ChessBase"]
[SourceDate "2004.11.15"]
[SourceVersion "1"]
[SourceVersionDate "2004.11.15"]
[SourceQuality "1"]

1. c4 e6 2. Nf3 d5 3. g3 c6 4. b3 Nf6 5. Bg2 Bd6 6. Bb2 Nbd7 7. 0-0 0-0 8. e3 a6 9. Nc3 b5 10. Rc1 Bb7 11. d4 b4 12. Na4 a5 13. c5 Bc7 14. Re1 Ne4 15. Nd2 f5 16. f3 Nxd2 17. Qxd2 e5 18. e4 exd4 19. exd5 f4 20. d6 Bb8 21. Qxd4 Qg5 22. Re7 1-0

[Event "Klatovy op-B"]
[Site "Klatovy"]
[Date "2002.??.??"]
[Round "?"]
[White "Klimes, Petr"]
[Black "Dolezal, Radoslav"]
[Result "1/2-1/2"]
[WhiteElo "1785"]
[BlackElo "1625"]
[PlyCount "71"]
[EventDate "2002.??.??"]
[EventType "swiss"]
[EventRounds "9"]
[EventCountry "CZE"]
[SourceTitle "EXT 2005"]
[Source "ChessBase"]
[SourceDate "2004.11.15"]
[SourceVersion "1"]
[SourceVersionDate "2004.11.15"]
[SourceQuality "1"]

1. d4 Nf6 2. c4 e6 3. Nc3 Be7 4. e4 d6 5. f4 0-0 6. Nf3 c5 7. Be3 cxd4 8. Nxd4 a6 9. Be2 Nc6 10. 0-0 Qc7 11. Qd2 Nxd4 12. Qxd4 e5 13. fxe5 dxe5 14. Qb6 Qxb6 15. Bxb6 Bb4 16. Bf3 Bxc3 17. bxc3 Be6 18. Bc7 Bxc4 19. Rfb1 b5 20. Bxe5 Nd7 21. Bd4 Rfe8 22. Rd1 Ne5 23. Bxe5 Rxe5 24. Rd6 g6 25. Kf2 Kf8 26. a3 Rc5 27. Rc1 Ke7 28. Rd4 Rac8 29. Ke3 Be6 30. Kd2 a5 31. Be2 Bc4 32. Bxc4 Rxc4 33. Rxc4 Rxc4 34. Rb1 Rc5 35. Kd3 Ke6 36. a4 1/2-1/2

[Event "Klatovy op-B"]
[Site "Klatovy"]
[Date "2002.??.??"]
[Round "?"]
[White "Klimes, Petr"]
[Black "Vyskocil, Richard"]
[Result "1-0"]
[WhiteElo "1785"]
[BlackElo "1705"]
[PlyCount "91"]
[EventDate "2002.??.??"]
[EventType "swiss"]
[EventRounds "9"]
[EventCountry "CZE"]
[SourceTitle "EXT 2005"]
[Source "ChessBase"]
[SourceDate "2004.11.15"]
[SourceVersion "1"]
[SourceVersionDate "2004.11.15"]
[SourceQuality "1"]

1. d4 Nf6 2. c4 g6 3. Nc3 Bg7 4. e4 d6 5. f3 0-0 6. Be3 c6 7. Qd2 a6 8. a4 Nbd7 9. Nge2 e5 10. dxe5 Nxe5 11. Nd4 c5 12. Nc2 Be6 13. b3 Ne8 14. 0-0-0 Nc6 15. Bh6 Qb6 16. Bxg7 Kxg7 17. Na1 Nd4 18. Kb2 Nf6 19. Ka2 Rfd8 20. Ne2 Nc6 21. Nc2 Na5 22. Qc3 Kf8 23. Nf4 Ke7 24. Be2 Qc7 25. Rhe1 b5 26. Nd5+ Nxd5 27. exd5 b4 28. Qe3 Qd7 29. Bf1 Re8 30. Qg5+ f6 31. Qg4 Kf7 32. dxe6+ Rxe6 33. Qxe6+ Qxe6 34. Rxe6 Kxe6 35. Re1+ Kd7 36. Re4 Nc6 37. f4 Ne7 38. Re1 a5 39. g3 h6 40. Bd3 f5 41. Kb2 Rc8 42. Ne3 Rg8 43. Nd5 Nxd5 44. cxd5 h5 45. h4 Rg7 46. Re6 1-0

[Event "Klatovy op-B"]
[Site "Klatovy"]
[Date "2002.??.??"]
[Round "?"]
[White "Klimes, Petr"]
[Black "Wadura, Robert"]
[Result "1/2-1/2"]
[WhiteElo "1785"]
[BlackElo "1625"]
[PlyCount "30"]
[EventDate "2002.??.??"]
[EventType "swiss"]
[EventRounds "9"]
[EventCountry "CZE"]
[SourceTitle "EXT 2005"]
[Source "ChessBase"]
[SourceDate "2004.11.15"]
[SourceVersion "1"]
[SourceVersionDate "2004.11.15"]
[SourceQuality "1"]

1. d4 Nf6 2. c4 g6 3. Nc3 Bg7 4. e4 d6 5. f3 0-0 6. Be3 e5 7. d5 a5 8. c5 Na6 9. cxd6 cxd6 10. Na4 Nd7 11. Rc1 f5 12. Bd3 fxe4 13. Bxe4 Rb8 14. Ne2 b5 15. Nac3 Nac5 1/2-1/2